Tilastot visalle Suomen joukkue yleisurheilun MM-kisoihin 2023

Klikkaa tästä pelataksesi tätä visaa!

Yleistilastot

  • Tätä visaa on pelattu 38 kertaa
  • Keskiarvotulos 28 / 40

Vastaustilastot

HintVastaus% Oikein
100 m ajReetta Hurske
97%
SeiväsWilma Murto
97%
KolmiloikkaKristiina Mäkelä
86%
3000 m ejTopi Raitanen
86%
KorkeusElla Junnila
83%
KeihäsOliver Helander
83%
7-otteluSaga Vanninen
83%
5000 m ja 10000 mCamilla Richardsson
79%
KolmiloikkaSenni Salminen
79%
400 m ajViivi Lehikoinen
79%
20 km ja 35 km kävelyAku Partanen
76%
110 m ajElmo Lakka
76%
800 m ja 1500 mJoonas Rinne
76%
KeihäsLassi Etelätalo
76%
MoukariSilja Kosonen
76%
MoukariAaron Kangas
72%
KuulaEmilia Kangas
72%
100 m ajLotta Harala
72%
SeiväsSaga Andersson
72%
SeiväsElina Lampela
69%
KorkeusHeta Tuuri
69%
MoukariKrista Tervo
69%
MoukariSuvi Koskinen
69%
200 mAnniina Kortetmaa
66%
KeihäsAnni-Linnea Alanen
66%
800 mEveliina Määttänen
66%
SeiväsUrho Kujanpää
66%
KolmiloikkaAaro Davidila
62%
MaratonAlisa Vainio
62%
400 mMette Baas
62%
KeihäsToni Kuusela
62%
SeiväsJuho Alasaari
59%
200 mAino Pulkkinen
55%
KuulaSenja Mäkitörmä
55%
35 km kävelyAleksi Ojala
52%
MaratonNina Chydenius
52%
KuulaEveliina Rouvali
48%
1500 mNathalie Blomqvist
48%
KiekkoSalla Sipponen
48%
20 km kävelyJerry Jokinen
34%

Tulosjakauma

Persentiili vastausten määrän mukaan

Jokaisen tuloksen saaneiden osuus

Tuloshistoriasi

Et ole pelannut tätä visaa